000
00332pam a2200157a 44500
008
230515b1984 xxu||||| |||| 00| 0 eng d
020
_a
NULL
041
_a
ENGL
082
_a
BEV
100
_a
BEVEN
245
_a
THE THEORY OF MACHINES
250
_a
N.D.
260
_a
NULL
_b
C.B.S
_c
1984
300
_a
621 PB
650
_a
NULL
999
_c
658991
_d
658991